Metodologické otázky projektovania a vyhodnocovania organizácie a riadenia v súčasných podmienkach prestavby organizačnej štruktúry vo VHJ Strojsmalt záverečná správa úlohy VHČ

Na minha lista:
Detalhes bibliográficos
Autor principal: Majtán, Miroslav
Autor Corporativo: Vysoká škola ekonomická v Bratislave. Fakulta riadenia
Outros Autores: Šimončič, Igor, Barri, Tibor, Fecenko, Jozef, Ulašin, Vladimír, Vinduška, Vladimír
Formato: Livro
Idioma:eslovaco
Publicado em: Bratislava Vysoká škola ekonomická 1989
Assuntos:
Tags: Adicionar Tag
Sem tags, seja o primeiro a adicionar uma tag!

MARC

LEADER 00000nam$a2200000$$$4500
001 0106951
005 20240502072200.7
041 0 |a slo 
044 |a SK 
245 1 0 |a Metodologické otázky projektovania a vyhodnocovania organizácie a riadenia v súčasných podmienkach prestavby organizačnej štruktúry vo VHJ Strojsmalt  |b záverečná správa úlohy VHČ 
264 1 |a Bratislava  |b Vysoká škola ekonomická  |c 1989 
300 |a 61 s. 
610 2 0 |a riadenie podnikové 
100 1 |a Majtán, Miroslav 
700 1 |a Šimončič, Igor 
700 1 |a Barri, Tibor 
700 1 |a Fecenko, Jozef 
700 1 |a Ulašin, Vladimír 
700 1 |a Vinduška, Vladimír 
710 2 |a Vysoká škola ekonomická v Bratislave. Fakulta riadenia